000 00365 a2200157 4500
001 68043
020 _a9783126749152
040 _cAnchieta - Pituba
100 _aMuntschick, Elisabeth
240 1 0 _aDas lasagne-desaster
_ldeu / ger
245 1 0 _aDas lasagne-desaster
300 _a48
362 0 _a2021
650 4 _aLiteratura juvenil em alemão
942 _cBK
999 _c68043
_d68043